South Eastern Kenya University

Library Online Public Access Catalogue


Bonnie / (Record no. 12868)

MARC details
000 -LEADER
fixed length control field 02515cam a2200313 a 4500
001 - CONTROL NUMBER
control field 16837547
003 - CONTROL NUMBER IDENTIFIER
control field OSt
005 - DATE AND TIME OF LATEST TRANSACTION
control field 20160420135229.0
008 - FIXED-LENGTH DATA ELEMENTS--GENERAL INFORMATION
fixed length control field 110621s2011 nyu 000 1 eng
010 ## - LIBRARY OF CONGRESS CONTROL NUMBER
LC control number 2011024847
020 ## - INTERNATIONAL STANDARD BOOK NUMBER
International Standard Book Number 9780312651220 (hbk.)
020 ## - INTERNATIONAL STANDARD BOOK NUMBER
International Standard Book Number 0312651228 (hbk.)
040 ## - CATALOGING SOURCE
Original cataloging agency SEKU
050 00 - LIBRARY OF CONGRESS CALL NUMBER
Classification number PS 3560
Item number .J6
100 1# - MAIN ENTRY--PERSONAL NAME
Personal name Johansen, Iris.
245 10 - TITLE STATEMENT
Title Bonnie /
Statement of responsibility, etc. Iris Johansen.
260 ## - PUBLICATION, DISTRIBUTION, ETC. (IMPRINT)
Place of publication, distribution, etc. New York :
Name of publisher, distributor, etc. St. Martin's Press,
Date of publication, distribution, etc. 2011.
300 ## - PHYSICAL DESCRIPTION
Extent 373 p. ;
Dimensions 25 cm.
490 1# - SERIES STATEMENT
Series statement [Eve Duncan forensics thriller ]
520 ## - SUMMARY, ETC.
Summary, etc. "When Eve Duncan gave birth to Bonnie, she experienced a love she never knew existed. Eve's entire life came into focus (delete reference to forensics--that happened later, right?--) and nothing was going to stand in the way of giving her daughter a wonderful life--the kind of life she herself never experienced. And then, the unthinkable happened. On an ordinary class trip to a local park, seven-year-old Bonnie vanished. Eve found herself in the throes of a nightmare that permeated her days and nights, and from which there was no escape. But a new Eve emerged: a woman who would use her remarkable talent as a forensic sculptor and her passion for helping others to find closure when the unthinkable happens to their child. A woman who would stop at nothing to find her own daughter's killer and bring her body home. A woman with both justice and vengeance on her mind. Finally, in the trilogy that began with EVE and continued with QUINN, comes the story that fans have been dying to read. With the help of her beloved Joe Quinn and CIA Agent Catherine Ling, Eve Duncan gets closer and closer to answering the questions that have tormented her. But the deeper she digs, the more she realizes that Bonnie's father, John Gallo, is a key player in solving this monstrous puzzle. And that Bonnie's disappearance was not as random as everyone had always believed. Eve, Joe, Catherine, and John find themselves in a deadly dance where answers will be uncovered, and justice might finally be served-- if they can all stay alive long enough to make it happen"--
Assigning source Provided by publisher.
650 #0 - SUBJECT ADDED ENTRY--TOPICAL TERM
Topical term or geographic name as entry element Duncan, Eve (Fictitious character)
Form subdivision Fiction.
650 #0 - SUBJECT ADDED ENTRY--TOPICAL TERM
Topical term or geographic name as entry element Facial reconstruction (Anthropology)
Form subdivision Fiction.
650 #0 - SUBJECT ADDED ENTRY--TOPICAL TERM
Topical term or geographic name as entry element Women sculptors
Form subdivision Fiction.
650 #0 - SUBJECT ADDED ENTRY--TOPICAL TERM
Topical term or geographic name as entry element Children
General subdivision Crimes against
Form subdivision Fiction.
655 #0 - INDEX TERM--GENRE/FORM
Genre/form data or focus term Domestic fiction.
655 #7 - INDEX TERM--GENRE/FORM
Genre/form data or focus term Mystery fiction.
Source of term gsafd
800 1# - SERIES ADDED ENTRY--PERSONAL NAME
Personal name Johansen, Iris.
Title of a work Eve Duncan forensics thriller.
942 ## - ADDED ENTRY ELEMENTS (KOHA)
Source of classification or shelving scheme Library of Congress Classification
Koha item type General circulation
Holdings
Withdrawn status Lost status Source of classification or shelving scheme Damaged status Not for loan Home library Current library Shelving location Date acquired Source of acquisition Total Checkouts Total Renewals Full call number Barcode Date last seen Date last checked out Price effective from Koha item type Public note
    Library of Congress Classification     Main Campus Library Main Campus Library General Stacks 20/04/2016 Donation-Books for Africa 3 1 PS 3560 .J6 2016/016710 04/03/2026 17/02/2026 20/04/2016 General circulation TNY
Kitui, Kenya.
+254736116989
library@seku.ac.ke